<?xml version="1.0" encoding="UTF-8"?><?xml-stylesheet type="text/xsl" href="static/style.xsl"?><OAI-PMH xmlns="http://www.openarchives.org/OAI/2.0/" xmlns:xsi="http://www.w3.org/2001/XMLSchema-instance" xsi:schemaLocation="http://www.openarchives.org/OAI/2.0/ http://www.openarchives.org/OAI/2.0/OAI-PMH.xsd"><responseDate>2026-04-17T20:29:58Z</responseDate><request verb="GetRecord" identifier="oai:www.recercat.cat:10459.1/469170" metadataPrefix="marc">https://recercat.cat/oai/request</request><GetRecord><record><header><identifier>oai:recercat.cat:10459.1/469170</identifier><datestamp>2025-12-06T19:42:11Z</datestamp><setSpec>com_2072_3622</setSpec><setSpec>col_2072_479130</setSpec></header><metadata><record xmlns="http://www.loc.gov/MARC21/slim" xmlns:dcterms="http://purl.org/dc/terms/" xmlns:xsi="http://www.w3.org/2001/XMLSchema-instance" xmlns:doc="http://www.lyncode.com/xoai" xsi:schemaLocation="http://www.loc.gov/MARC21/slim http://www.loc.gov/standards/marcxml/schema/MARC21slim.xsd">
   <leader>00925njm 22002777a 4500</leader>
   <datafield ind2=" " ind1=" " tag="042">
      <subfield code="a">dc</subfield>
   </datafield>
   <datafield ind2=" " ind1=" " tag="720">
      <subfield code="a">Reig Córdoba, Gemma</subfield>
      <subfield code="e">author</subfield>
   </datafield>
   <datafield ind2=" " ind1=" " tag="720">
      <subfield code="a">Iglesias i Castellarnau, Ignasi</subfield>
      <subfield code="e">author</subfield>
   </datafield>
   <datafield ind2=" " ind1=" " tag="720">
      <subfield code="a">López Gatius, Fernando</subfield>
      <subfield code="e">author</subfield>
   </datafield>
   <datafield ind2=" " ind1=" " tag="720">
      <subfield code="a">Alegre, S.</subfield>
      <subfield code="e">author</subfield>
   </datafield>
   <datafield ind2=" " ind1=" " tag="260">
      <subfield code="c">2013</subfield>
   </datafield>
   <datafield ind2=" " ind1=" " tag="520">
      <subfield code="a">Antioxidant capacity, quality, and anthocyanin and nutrient contents of 106 peach cultivars from different breeding programs were evaluated at the Estació Experimental de Lleida, IRTA (Catalonia, Spain), during two growing seasons (2010 and 2011). High variability was found among cultivars within each quality trait, where different cultivars were scored as the best and the worst. For example, a 5-fold range (2.17–12.07 g of malic acid L–1), 6-fold range (144.20–711.73 μg of Trolox g–1 of FW), and 11-fold range (0.70–11.43 mg of cyanidin-3-glucoside kg–1 of FW) were observed in titratable acidity, relative antioxidant capacity, and anthocyanin content, respectively. The breeding program within each fruit type (melting peach, nectarine, and flat peach) and qualitative pomological traits also had significant effects on the quality. Nevertheless, each breeding program had specific characteristics that distinguished it from the others. Even so, within each breeding program, there is high variability among cultivars. Therefore, growers should not base their strategy exclusively on the choice of breeding program. Principal component analysis for each fruit type (melting peach, nectarine, nonmelting peach, and flat peach) allowed a selection of a set of cultivars from different breeding programs with the highest quality performance. For example, cultivars such as ‘Azurite’, ‘IFF 1230’, ‘Amiga’, ‘Fire Top’, ‘African Bonnigold’, ‘Ferlot’, ‘Mesembrine’, and ‘Platifirst’ had higher sweetness and flavor compared to the others. Therefore, this study could help breeders to make decisions for the selection of new cultivars able to improve the quality features of fruit intake, technicians to know better quality performance of peach cultivars, and consumers to meet their expectations for fruit with high health benefits and a specific taste.</subfield>
   </datafield>
   <datafield ind1="8" ind2=" " tag="024">
      <subfield code="a">http://hdl.handle.net/10459.1/469170</subfield>
   </datafield>
   <datafield tag="653" ind2=" " ind1=" ">
      <subfield code="a">Prunus Persica</subfield>
   </datafield>
   <datafield tag="653" ind2=" " ind1=" ">
      <subfield code="a">Fruit Quality</subfield>
   </datafield>
   <datafield tag="653" ind2=" " ind1=" ">
      <subfield code="a">Sweetness</subfield>
   </datafield>
   <datafield tag="653" ind2=" " ind1=" ">
      <subfield code="a">Sourness</subfield>
   </datafield>
   <datafield tag="653" ind2=" " ind1=" ">
      <subfield code="a">Sucrose</subfield>
   </datafield>
   <datafield ind2="0" ind1="0" tag="245">
      <subfield code="a">Antioxidant capacity, quality, and anthocyanin and nutrient contents of several peach cultivars [Prunus persica (L.) Batsch] grown in Spain</subfield>
   </datafield>
</record></metadata></record></GetRecord></OAI-PMH>